Наследование по завещанию учебное пособие
Настоящее учебное пособие базируется на положениях Гражданского кодекса Российской Федерации (части третьей) от 26 ноября 2001 года и Основ законодательства Российской Федерации о нотариате от 11 февраля 1993 г. № 4462-1. Издание подготовлено на основе новейшего российского законодательства и предст...
Na minha lista:
| Autor principal: | |
|---|---|
| Formato: | Книга |
| Idioma: | Russian |
| Publicado em: |
Елец
ЕГУ им. И.А. Бунина
2022
|
| Acesso em linha: | https://e.lanbook.com/book/332003 https://e.lanbook.com/img/cover/book/332003.jpg |
| Tags: |
Adicionar Tag
Sem tags, seja o primeiro a adicionar uma tag!
|
| LEADER | 02572nam0a2200277 i 4500 | ||
|---|---|---|---|
| 001 | 332003 | ||
| 003 | RuSpLAN | ||
| 005 | 20240216150943.0 | ||
| 008 | 240216s2022 ru gs 000 0 rus | ||
| 020 | |a 978-5-00151-314-8 | ||
| 040 | |a RuSpLAN | ||
| 041 | 0 | |a rus | |
| 044 | |a ru | ||
| 080 | |a 347.65/.68 | ||
| 084 | |a 67.404.4 |2 rubbk | ||
| 245 | 0 | 0 | |a Наследование по завещанию |b учебное пособие |c Очеретько Е. А. |
| 260 | |a Елец |b ЕГУ им. И.А. Бунина |c 2022 | ||
| 300 | |a 92 с. | ||
| 504 | |a Библиогр.: доступна в карточке книги, на сайте ЭБС Лань | ||
| 520 | 8 | |a Настоящее учебное пособие базируется на положениях Гражданского кодекса Российской Федерации (части третьей) от 26 ноября 2001 года и Основ законодательства Российской Федерации о нотариате от 11 февраля 1993 г. № 4462-1. Издание подготовлено на основе новейшего российского законодательства и представляет собой комплекс учебных материалов для более углубленного изучения дисциплины «Наследственное право». В пособии приводится тематика лекционных и практических занятий, краткий курс лекций, вопросы для обсуждения на занятиях, конкретные правовые ситуации, задания и тесты, глоссарий, образцы документов. Учебное пособие предназначено для студентов, обучающихся по направлению подготовки 40.03.01 «Юриспруденция», преподавателей, специалистов в области наследственного права, а также всех граждан, интересующихся вопросами оформления завещания. | |
| 521 | 8 | |a Книга из коллекции ЕГУ им. И.А. Бунина - Право. Юридические науки | |
| 521 | 8 | |a СЭБ | |
| 100 | 1 | |a Очеретько Е. А. | |
| 856 | 4 | |u https://e.lanbook.com/book/332003 | |
| 856 | 4 | 8 | |u https://e.lanbook.com/img/cover/book/332003.jpg |
| 953 | |a https://e.lanbook.com/img/cover/book/332003.jpg | ||